<?xml version="1.0" encoding="UTF-8"?>
<collection xmlns="http://www.loc.gov/MARC21/slim">
 <record>
  <leader>01006nam a22002657a 4500</leader>
  <controlfield tag="001">30376</controlfield>
  <controlfield tag="003">BD-DhAAL</controlfield>
  <controlfield tag="005">20151108162607.0</controlfield>
  <controlfield tag="008">150906s2006    bg a|||| i||| 00| 0 eng d</controlfield>
  <datafield tag="040" ind1=" " ind2=" ">
   <subfield code="a">BD-DhAAL</subfield>
   <subfield code="c">BD-DhAAL</subfield>
  </datafield>
  <datafield tag="082" ind1=" " ind2=" ">
   <subfield code="2">22</subfield>
   <subfield code="a">307.1412095492</subfield>
  </datafield>
  <datafield tag="999" ind1=" " ind2=" ">
   <subfield code="c">36070</subfield>
   <subfield code="d">36070</subfield>
  </datafield>
  <datafield tag="999" ind1=" " ind2=" ">
   <subfield code="c">36026</subfield>
  </datafield>
  <datafield tag="999" ind1=" " ind2=" ">
   <subfield code="c">35433</subfield>
  </datafield>
  <datafield tag="245" ind1=" " ind2=" ">
   <subfield code="a">BRAC research :</subfield>
   <subfield code="b">annual report 2005 </subfield>
  </datafield>
  <datafield tag="260" ind1=" " ind2=" ">
   <subfield code="a">Dhaka :</subfield>
   <subfield code="b">Research and Evaluation Division, BRAC,</subfield>
   <subfield code="c">2006</subfield>
  </datafield>
  <datafield tag="300" ind1=" " ind2=" ">
   <subfield code="a">70 p. :</subfield>
   <subfield code="b">ill. ;</subfield>
   <subfield code="c">28 cm.</subfield>
  </datafield>
  <datafield tag="541" ind1=" " ind2=" ">
   <subfield code="e">30376</subfield>
  </datafield>
  <datafield tag="610" ind1=" " ind2=" ">
   <subfield code="a">BRAC</subfield>
   <subfield code="9">14405</subfield>
  </datafield>
  <datafield tag="650" ind1=" " ind2=" ">
   <subfield code="a">Rural Development</subfield>
   <subfield code="z">Bangladesh</subfield>
   <subfield code="9">14406</subfield>
  </datafield>
  <datafield tag="710" ind1=" " ind2=" ">
   <subfield code="a">BRAC</subfield>
   <subfield code="9">14405</subfield>
  </datafield>
  <datafield tag="852" ind1=" " ind2=" ">
   <subfield code="a">Ayesha Abed Library</subfield>
   <subfield code="c">BRAC Resource Section</subfield>
  </datafield>
  <datafield tag="942" ind1=" " ind2=" ">
   <subfield code="2">ddc</subfield>
   <subfield code="c">BK</subfield>
  </datafield>
  <datafield tag="952" ind1=" " ind2=" ">
   <subfield code="0">0</subfield>
   <subfield code="1">0</subfield>
   <subfield code="2">ddc</subfield>
   <subfield code="4">0</subfield>
   <subfield code="6">307_141209549200000_BRA</subfield>
   <subfield code="7">0</subfield>
   <subfield code="9">56683</subfield>
   <subfield code="a">BRACUL</subfield>
   <subfield code="b">BRACUL</subfield>
   <subfield code="c">BRS</subfield>
   <subfield code="d">2015-11-08</subfield>
   <subfield code="e">BRAC</subfield>
   <subfield code="l">0</subfield>
   <subfield code="o">307.1412095492 BRA</subfield>
   <subfield code="p">3010030376</subfield>
   <subfield code="r">2015-11-08</subfield>
   <subfield code="t">1</subfield>
   <subfield code="w">2015-11-08</subfield>
   <subfield code="y">BK</subfield>
  </datafield>
  <datafield tag="952" ind1=" " ind2=" ">
   <subfield code="0">0</subfield>
   <subfield code="1">0</subfield>
   <subfield code="2">ddc</subfield>
   <subfield code="4">0</subfield>
   <subfield code="6">307_141209549200000_BRA</subfield>
   <subfield code="7">0</subfield>
   <subfield code="9">56684</subfield>
   <subfield code="a">BRACUL</subfield>
   <subfield code="b">BRACUL</subfield>
   <subfield code="c">BRS</subfield>
   <subfield code="d">2015-11-08</subfield>
   <subfield code="e">BRAC</subfield>
   <subfield code="l">0</subfield>
   <subfield code="o">307.1412095492 BRA</subfield>
   <subfield code="p">3010030377</subfield>
   <subfield code="r">2015-11-08</subfield>
   <subfield code="t">2</subfield>
   <subfield code="w">2015-11-08</subfield>
   <subfield code="y">BK</subfield>
  </datafield>
 </record>
</collection>
